| 000 | 00753nam a2200229 a 4500 | ||
|---|---|---|---|
| 001 | 000025660 | ||
| 005 | 20200930023942.0 | ||
| 008 | 110218s1968 sp r 000 0 spa d | ||
| 040 |
_aDO-SdBNP _bspa _cBNPHU |
||
| 082 |
_axxxxx _bR438v, 1968 |
||
| 100 | 1 |
_aRétif, Louis _952402 |
|
| 245 | 1 | 0 |
_aVivir es dialogar / _cLouis Rétif ; traducción José M. Totosaus. |
| 250 | _a2a ed. | ||
| 260 |
_aBarcelona, España : _bNova Terra, _c1968. |
||
| 300 |
_a107 p. ; _c15.5 cm. |
||
| 490 | 1 | _aEl grano de mostaza | |
| 500 | _aIncluye notas al pie de las páginas. | ||
| 534 |
_ptítulo original: _tVivre c´est dialoguer, _cParís : Fleurus, 1946. |
||
| 700 | 1 |
_aTostosaus, José M., _etr. _952403 |
|
| 830 | 0 |
_aEl grano de mostaza _952404 |
|
| 049 | _aBNGR | ||
| 999 |
_c25152 _d25152 |
||